000 00587nam a2200193Ii 4500
003 JO-AjNU
008 230605s9999||||xx |||||||||||||| ||und||
040 _aJO-AjNU
_bara
_erda
_cJO-AjNU
041 _aara
050 1 4 _aR645 1983
100 3 _aرفعت ، محمد,
_eauthor
_919309
245 0 0 _aالغدد امراضها وعلاجها
264 3 1 _aبيروت:مؤسسة عزالدين ، 1983
300 _a224ص
336 _atext
_btxt
_2rdacontent
337 _aunmediated
_bn
_2rdamedia
338 _avolume
_bnc
_2rdacarrier
650 4 _aامراض الغدد-علاج
_919310
999 _aA6346
_c9914
_d9914